000
00214 a2200097 4500
001
41078
100
_a
Comrie L J
245
_a
Outline Composition Book
260
_a
_b
Oxford University
_c
090
_c
25309
_d
25309
942
_a
NUST-CAE
_c
M
_c
17013
999
_c
276151
_d
276151